Sports Quiz

Random Sports or Soccer Quiz
Score 0/11 Timer 06:00
0 Plays Today
Transfer Player % Correct
Chelsea to Real Madrid (100 M)Hazard
100%
Atletico Madrid to FC Barcelona (120 M)Griezmann
99.2%
Ajax Amsterdam to FC Barcelona (75 M)De Jong
98.8%
Benfica to Atletico Madrid (126 M)Felix
98%
Ajax Amsterdam to Juventus Turin (85,5 M)De Ligt
97.6%
Leicester to Manchester Utd (87 M)Maguire
96%
Lille OSC to Arsenal (80 M)Pepe
95.2%
Atletico Madrid to Manchester City (70 M)Rodri
94.4%
Atletico Madrid to Bayern Munchen (80 M)Hernandez
93.5%
Lyon to Tottenham (60 M)Ndombele
92.3%
FC Barcelona to FC Valencia (35 M)Cillessen
76.2%
Remove Ads.
Support Sporcle.
Get the best of Sporcle when you Go Orange. This ad-free experience offers more features, more stats, and more fun while also helping to support Sporcle. Thank you for becoming a member.

You're not logged in!

Compare scores with friends on all Sporcle quizzes.
OR
Log In

Show Comments

Extras

Top Quizzes Today


Score Distribution

Your Account Isn't Verified!

In order to create a playlist on Sporcle, you need to verify the email address you used during registration. Go to your Sporcle Settings to finish the process.

Report this User

Report this user for behavior that violates our Community Guidelines.

Details: